Psicología para la vida
Gespeichert in:
| 1. Verfasser: | |
|---|---|
| Weitere Verfasser: | |
| Format: | Buch |
| Sprache: | Englisch |
| Veröffentlicht: |
Santiago, Chile
Juan Carlos Sáez Comunicaciones Noreste Ltda.
2009
|
| Schlagworte: | |
| Tags: |
Tag hinzufügen
Keine Tags, Fügen Sie den ersten Tag hinzu!
|
MARC
| LEADER | 00000nam a22000007a 4500 | ||
|---|---|---|---|
| 003 | CL-VaPUC | ||
| 005 | 20240130115843.0 | ||
| 008 | 200302b ||||| |||| 00| 0 eng d | ||
| 999 | |c 416843 |d 416841 | ||
| 020 | |a 9789563060515 | ||
| 040 | |c Pontificia Universidad Católica de Valparaíso | ||
| 082 | |a 150 FER 2009 | ||
| 100 | 1 | |a Fernández Reyes, Ignacio |9 719855 | |
| 245 | 1 | 0 | |a Psicología para la vida |
| 260 | 3 | |a Santiago, Chile |b Juan Carlos Sáez Comunicaciones Noreste Ltda. |c 2009 | |
| 300 | |a 333 p | ||
| 505 | |a 1. Reflexiones sobre los fundamentos de una psicología para la vida. 2. El sentido como articulador de la vida. 3. Para despertar la conciencia. 4. Automaestría e innovación personal. 5. Diálogo e innovación: conversaciones inspiradas. 6. Una aproximación clínica al bienestar humano. 7. Del desarrollo personal al cambio organizacional. 8. Psicología organizacional humana. 9. Lugares de trabajo para la vida. 10. Capital psicológico. 11. El ser y estar en la vida. 12. Liderazgo apreciativo. 13. Integridad personal. | ||
| 583 | |c 20200302 |k Daniel Castañeda | ||
| 650 | 0 | 0 | |a Psicología |9 257863 |
| 650 | 0 | 0 | |a Desarrollo Personal |9 390751 |
| 650 | 0 | 0 | |a Liderazgo |9 271835 |
| 700 | 1 | |a Sanhueza Rahmer, Jorge |9 719856 | |
| 942 | |2 ddc |c BK | ||
| 952 | |0 0 |1 0 |2 ddc |4 0 |6 150_000000000000000_FER_2009 |7 0 |8 A |9 551525 |a BIBEDU |b BIBEDU |d 2020-03-02 |i 5616093 |o 150 FER 2009 |p 5616093 |r 2020-03-02 |t 1 |w 2020-03-02 |y BK |k PSI | ||